000 01181nam a22002297a 4500
999 _c9896
_d9896
005 20251125232824.0
008 s2543 th tha d
020 _a9742722307
040 _aNALT
041 _atha
050 _aDS586 ภ671พ 2543
245 1 0 _aพระมหากษัตริย์ นักวิทยาศาสตร์
260 3 _aกรุงเทพฯ :
_bสภาสมาคมวิทยาศาสตร์และเทคโนโลยีแห่งประเทศไทย,
_c2543
300 _a212 หน้า :
_b ภาพประกอบ ;
_c 30 ซม.
650 0 4 _aภูมิพลอดุลยเดช, พระบาทสมเด็จพระเจ้าอยู่หัว -- พระราชกรณียกิจ
650 0 4 _aภูมิพลอดุลยเดช, พระบาทสมเด็จพระเจ้าอยู่หัว, 2470--
650 0 4 _aโครงการอันเนื่องมาจากพระราชดำริ
850 _aNALT
856 4 0 _uhttps://hdl.handle.net/20.500.14156/410491
_71
942 _cGB
_2lcc